Online
Catalog

Papeles de Buenaventura Báez / (Record no. 30414)

MARC details
000 -CABECERA
campo de control de longitud fija 01389nam a2200361 i 4500
001 - NÚMERO DE CONTROL
campo de control 000030922
003 - IDENTIFICADOR DEL NÚMERO DE CONTROL
campo de control DO-SdBNP
005 - FECHA Y HORA DE LA ÚLTIMA TRANSACCIÓN
campo de control 20250917140057.0
007 - CAMPO FIJO DE DESCRIPCIÓN FÍSICA--INFORMACIÓN GENERAL
campo de control de longitud fija ta
008 - DATOS DE LONGITUD FIJA--INFORMACIÓN GENERAL
campo de control de longitud fija 110607s1969 dr 000 0 spa d
040 ## - FUENTE DE LA CATALOGACIÓN
Centro catalogador/agencia de origen DO-SdBNP
Lengua de catalogación spa
Centro/agencia transcriptor BNPHU
Normas de descripción rda
041 ## - CÓDIGO DE LENGUA
Código de lengua del texto/banda sonora o título independiente spa
082 ## - NÚMERO DE LA CLASIFICACIÓN DECIMAL DEWEY
Número de clasificación 972.9302
Número de documento/Ítem B142p
Número de edición 22
100 1# - ENTRADA PRINCIPAL--NOMBRE DE PERSONA
Nombre de persona Báez, Buenaventura,
Fechas asociadas al nombre 1812 -1944
Término indicativo de función/relación autor
9 (RLIN) 77576
245 10 - MENCIÓN DE TÍTULO
Título Papeles de Buenaventura Báez /
Mención de responsabilidad, etc. [compilador] Emilio Rodríguez Demorizi.
264 ## - PRODUCCIÓN, PUBLICACIÓN, DISTRIBUCIÓN, FABRICACIÓN Y COPYRIGHT
Producción, publicación, distribución, fabricación y copyright Santo Domingo :
Nombre del de productor, editor, distribuidor, fabricante Montalvo,
Fecha de producción, publicación, distribución, fabricación o copyright 1969.
300 ## - DESCRIPCIÓN FÍSICA
Extensión 562 páginas ;
Dimensiones 24 cm.
336 ## - TIPO DE CONTENIDO
Término de tipo de contenido rdacontent
Código de tipo de contenido texto
Fuente txt
337 ## - TIPO DE MEDIO
Nombre/término del tipo de medio rdamedia
Código del tipo de medio sin mediación
Fuente n
338 ## - TIPO DE SOPORTE
Nombre/término del tipo de soporte rdacarrier
Código del tipo de soporte volumen
Fuente nc
490 1# - MENCIÓN DE SERIE
Mención de serie Academia Dominicana de la Historia
Designación de volumen o secuencia 21
500 ## - NOTA GENERAL
Nota general Incluye cronología de la vida de Buenaventura Báez.
504 ## - NOTA DE BIBLIOGRAFÍA, ETC.
Nota de bibliografía, etc. Incluye referencias bibliográficas y notas al pie de las páginas.
590 ## - NOTA LOCAL (RLIN)
Nota local Inventariado, 2020/MF
600 10 - PUNTO DE ACCESO ADICIONAL DE MATERIA--NOMBRE DE PERSONA
Nombre de persona Báez, Buenaventura,
Fechas asociadas al nombre 1812 -1944
9 (RLIN) 77576
651 #4 - PUNTO DE ACCESO ADICIONAL DE MATERIA--NOMBRE GEOGRÁFICO
Nombre geográfico República Dominicana
Subdivisión general Historia
Subdivisión cronológica 1844-1861
9 (RLIN) 931
651 #4 - PUNTO DE ACCESO ADICIONAL DE MATERIA--NOMBRE GEOGRÁFICO
Nombre geográfico República Dominicana
Subdivisión general Historia
Subdivisión cronológica ANEXIÓN A ESPAÑA, 1844-1861
9 (RLIN) 57443
651 #4 - PUNTO DE ACCESO ADICIONAL DE MATERIA--NOMBRE GEOGRÁFICO
Nombre geográfico República Dominicana
Subdivisión general Historia
Subdivisión cronológica 1865-1916
9 (RLIN) 6305
700 12 - PUNTO DE ACCESO ADICIONAL--NOMBRE DE PERSONA
Nombre de persona Rodríguez Demorizi, Emilio,
Fechas asociadas al nombre 1908-1986
Término indicativo de función/relación compilador
9 (RLIN) 1039
830 ## - PUNTO DE ACCESO ADICIONAL DE SERIE-TÍTULO UNIFORME
Título uniforme Academia Dominicana de la Historia
Designación de volumen o secuencia 21
9 (RLIN) 770
910 ## - DATOS DE OPCIÓN DEL USUARIO (OCLC)
Datos de opción del usuario Validado. Control de calidad MMOLINA
942 ## - ELEMENTOS DE PUNTO DE ACCESO ADICIONAL (KOHA)
Fuente del sistema de clasificación o colocación Dewey Decimal Classification
Tipo de ítem Koha Libro
Holdings
Estado de retiro Estado de pérdida Fuente del sistema de clasificación o colocación Restricciones de uso No para préstamo Código de colección Localización permanente Ubicación/localización actual Ubicación en estantería Fecha de adquisición Total de préstamos Signatura topográfica completa Código de barras Fecha visto por última vez Número de copia Precio válido a partir de Tipo de ítem Koha Nota pública Fuente de adquisición
    Dewey Decimal Classification Préstamo en sala   Dominicana de Servicio Biblioteca Nacional Pedro Henríquez Ureña Biblioteca Nacional Pedro Henríquez Ureña Depósito 18.04.2013   BNPHU DS 972.9302 B142p 30922-30 25.06.2020 e. 3 25.06.2020 Libro    
    Dewey Decimal Classification Excluido de préstamo   Patrimonio Dominicano Biblioteca Nacional Pedro Henríquez Ureña Biblioteca Nacional Pedro Henríquez Ureña Depósito 07.06.2011   BNPHU PD 972.9302 B142p 30922-10 25.06.2020   25.06.2020 Libro Perteneció a la colección Martínez Boog  
    Dewey Decimal Classification Excluido de préstamo   Patrimonio Dominicano Biblioteca Nacional Pedro Henríquez Ureña Biblioteca Nacional Pedro Henríquez Ureña En encuadernación 07.06.2011   BNPHU PD 972.9302 B142p 30922-20 25.06.2020 e. 2 25.06.2020 Libro Perteneció a la colección Juan Isidro Jiménez Grullón  
    Dewey Decimal Classification Préstamo en sala   Dominicana de Servicio Biblioteca Nacional Pedro Henríquez Ureña Biblioteca Nacional Pedro Henríquez Ureña En catalogación 18.09.2025   BNPHU DS 972.9302 B142p 2025-10457 18.09.2025 e.4 18.09.2025 Libro Reyes Duluc donación
    Dewey Decimal Classification Préstamo en sala   Dominicana de Servicio Biblioteca Nacional Pedro Henríquez Ureña Biblioteca Nacional Pedro Henríquez Ureña En catalogación 18.09.2025   BNPHU DS 972.9302 B142p 2025-10458 18.09.2025 e.5 18.09.2025 Libro Ilonka Nacidit Perdomo donación

Powered by Koha